000
00277nam a2200109Ia 4500
008
190216s9999||||xx |||||||||||||| ||und||
100
_a
Bhusan Y K
245
0
_a
Fundamentals Of Business Organisation And Management
260
_b
Kalyani Pub
_c
1977
300
_a
1256p
942
_c
BK
999
_c
5098
_d
5098